Statistics for Opposite Song Titles

Click here to take the quiz!

General Stats

  • This quiz has been taken 45 times
  • The average score is 6 of 15

Answer Stats

HintAnswer% Correct
Worse ApartBetter Together
84%
Do start you soonDon't stop me now
65%
Dyin' under a curseLivin' on a prayer
57%
Copper womanIron man
54%
Always gonna take me downNever gonna give you up
51%
One suffocate I giveEvery breath you take
46%
Blueberry forests neverStrawberry fields forever
41%
Steam on the fireSmoke on the water
38%
Size of meShape of you
30%
May SunNovember Rain
27%
Sit away from youStand by me
27%
Animals aren't normalPeople are strange
22%
Rest it onShake it off
8%
KnowfloorWonderwall
8%
Some MoonAll Star
0%

Score Distribution

Percentile by Number Answered

Percent of People with Each Score

Your Score History

You have not taken this quiz